|
|
|
|
| LEADER |
00000nam0a2200000 4500 |
| 001 |
326773 |
| 005 |
20231102003908.0 |
| 035 |
|
|
|a (RuTPU)RU\TPU\book\352433
|
| 090 |
|
|
|a 326773
|
| 100 |
|
|
|a 20170116d1976 km y0rusy50 ca
|
| 101 |
0 |
|
|a rus
|
| 102 |
|
|
|a RU
|
| 105 |
|
|
|a y z 000zb
|
| 200 |
1 |
|
|a Путешествие в глубь науки (Академик А. А. Григорьев)
|f И. М. Забелин
|
| 210 |
|
|
|a Москва
|c Мысль
|d 1976
|
| 215 |
|
|
|a 78 с.
|c ил.
|
| 225 |
1 |
|
|a Замечательные географы и путешественники
|
| 600 |
|
1 |
|a Григорьев
|b А. А.
|c российский географ
|c академик Ан СССР
|f 1883-1968
|g Андрей Александрович
|2 stltpush
|3 (RuTPU)RU\TPU\pers\30365
|9 14710
|
| 606 |
1 |
|
|a Историческая география
|2 stltpush
|3 (RuTPU)RU\TPU\subj\13267
|9 39909
|
| 610 |
1 |
|
|a путешественники
|
| 610 |
1 |
|
|a географы
|
| 610 |
1 |
|
|a деятельность
|
| 610 |
1 |
|
|a жизнь
|
| 675 |
|
|
|a 91(09)
|v 4
|
| 700 |
|
1 |
|a Забелин
|b И. М.
|g Игорь Михайлович
|
| 801 |
|
1 |
|a RU
|b 63413507
|c 20170116
|
| 801 |
|
2 |
|a RU
|b 63413507
|c 20210407
|g RCR
|
| 942 |
|
|
|c BK
|